Journal of marketing <a> journal for the advancement of science in marketing

Na minha lista:
Detalhes bibliográficos
Formato: Periódico
Idioma:inglês
Publicado em: Chicago American Marketing Association 1957-58, 1958-59
Assuntos:
Tags: Adicionar Tag
Sem tags, seja o primeiro a adicionar uma tag!

MARC

LEADER 00000nas2a22000001 4500
001 0009942
005 20250730114247.6
022 |a 0022-2429 
041 0 |a eng 
044 |a US 
245 1 0 |a Journal of marketing  |b <a> journal for the advancement of science in marketing 
264 1 |a Chicago  |b American Marketing Association  |c 1957-58, 1958-59 
300 |a 2 zv. 
773 0 |w eu_un_cat*s120137 
610 2 0 |a marketing